00608 2200193 4500001002100000005001500021035002000036007000300056008003900059082001800098084002400116100002700140245011100167260004100278300004200319650001100361650002900372022001300401INLIS00000000000107720241024092142 a0010-1024000047ta241024 | | |  a636.089-636.2 a636.089-636.2 JUL v0 aJulio Martínez-Burnes1 aViral Diseases in Water Buffalo (Bubalus bubalis): New Insights and Perspectives /cJulio Martínez-Burnes aSwitzerland, Basel :bMDPI AG,c2024 a1-25 hlm, :bilus, ;c21 cm X 29,5 cm 4aJurnal 4aPencegahan Penyakit Sapi a20762615